Les maladies canines - Rage et Bordetella - Statistiques

Statistiques générales
  • Ce quiz a été pris 75 fois
  • Le résultat moyen est 8 sur 11
Statistiques - réponses
Question Réponse % Correct
La rage est transmissible par... La salive suite à une morsure
100%
Le bordetella est une infection très contagieuse ? VRAI
100%
La rage est ... Un virus qui s'attaque au cerveau
95%
Quels sont les symptômes de la rage ? Changement de comportement
90%
Quels sont les symptômes du bordetella ? Toux sèche
80%
Comment se transmet le bordetella ? De museau à museau
65%
Quelle est la meilleure prévention pour le bordetella ? Vaccination
65%
Quel est le traitement de la rage ? Aucun
60%
Le bordetella s'agit de.. Une infection des voies respiratoires
55%
Après l'apparition des 1ers symptômes, la mort survient... Après 4-5 jours
45%
Quel est la traitement pour le bordetella ? Aucun spécifique
20%
Aucun quiz correspondant
Distribution des résultats
% des personnes avec chaque résultat
Percentile par nombre de réponses
Votre historique - résultats
Vous n’avez pas pris ce quiz